Bundesliga Scorers 2015-2016 - Statistics

General Stats
  • This quiz has been taken 90 times
  • The average score is 9 of 20
Answer Stats
Rank Club Player Goals % Correct
1 Bayern Munich Robert Lewandowski 36
100%
3 Bayern Munich Thomas Müller 18
93%
13 Borussia Dortmund Marco Reus 11
90%
2 Borussia Dortmund Pierre-Emerick Aubameyang 19
88%
5 FC Koln Anthony Modeste 14
59%
12 Schalke 04 Klaas-Jan Huntelaar 12
58%
4 Bayer Leverkusen Javier Hernandez 16
46%
11 Eintracht Frankfurt Alexander Meier 12
44%
8 SV Darmstadt 98 Sandro Wagner 13
41%
10 Borussia M'Gladbach Raffael 12
38%
19 Borussia Dortmund Shinji Kagawa 9
37%
6 Werder Bremen Claudio Pizarro 14
35%
15 Borussia Dortmund Henrikh Mkhitaryan 10
33%
18 Hertha BSC Vedad Ibisevic 9
33%
20 Borussia Dortmund Adrian Ramos 8
32%
7 Hertha BSC Salomon Kalou 13
31%
14 Ingolstadt 04 Moritz Hartmann 10
14%
16 Werder Bremen Anthony Ujah 10
12%
17 FC Mainz Yunus Malli 10
12%
9 VfB Stuttart Daniel Divadi 13
4%
No matching quizzes found
Score Distribution
Percent of People with Each Score
Percentile by Number Answered
Your Score History
You have not taken this quiz